Frequências FR - Statistics

Estatísticas Gerais
  • Esse quiz foi jogado 262 vezes
  • A pontuação média é 9 de 11
Estatísticas das Respostas
Canal Freq % Correto
TRUNFOS 136,15
98%
CORINGA 122,30
95%
ÁQUILA 124,75
86%
CENTAURUS 122,10
79%
NEGRO 125,50
79%
ESPADAS 125,25
76%
PAUS 135,35
74%
LÉO 120,50
71%
ÓRION 133,25
71%
OUROS 123,20
64%
COPAS 123,55
62%
Nenhum quiz correspondente encontrado
Distribuição das Pontuações
Porcentagem de Pessoas com Cada Pontuação
Percentil de Números Respondidos
Sua Pontuação Histórica
Você não jogou esse quiz